Prevention of land degradation, enhancement of carbon sequestration and conservation of biodiversity through land use change and sustainable land management with a focus on Latin America and the Caribbean : (Registro nro. 5204)

Detalles MARC
000 -CABECERA
Campo de control 01251cam a22002537a 4500
005 - FECHA Y HORA DE LA ULTIMA TRANSACCION
Campo de control 20151215091422.0
008 - ELEMENTOS DE LONGITUD FIJA—INFORMACION GENERAL
Campo de control 000812s1999 it a b i100 0 eng d
020 ## - ISBN
ISBN 9251043590
040 ## - FUENTE DE CATALOGACIÓN
Agencia catalogadora original XX-XxUND
Agencia transcriptora XX-XxUND
Agencia Modificadora DLC
-- CO-BoIAVH
041 0# - IDIOMA
Código de idioma para texto/pista de sonido o título separado Español
044 ## - PAÍS DE PUBLICACIÓN
País de publicación Italia
082 00 - NUMERO DE CLASIFICACION DECIMAL DEWEY
Número de clasificación 333.7616
Número del ítem P94p
245 00 - MENCION DE TITULO
Título Prevention of land degradation, enhancement of carbon sequestration and conservation of biodiversity through land use change and sustainable land management with a focus on Latin America and the Caribbean :
Parte restante del título proceedings of the IFAD/FAO expert consultation, IFAD, Rome, Italy, 15 April 1999.
260 ## - PUBLICACION, DISTRIBUCION, ETC. (PIE DE IMPRENTA)
Lugar de publicación, distribución, etc. Rome :
Nombre del editor, distribuidor, etc. Food and Agriculture Organization for the United Nations,
Fecha de publicación, distribución, etc. 1999.
300 ## - DESCRIPCION FISICA
Extensión viii, 115 páginas :
Otros detalles físicos ilustraciones ;
Dimensiones 30 x 21 cm.
504 ## - NOTA DE BIBLIOGRAFIA, ETC.
Nota de bibliografía Incluye referencias bibliográficas.
650 #0 - ASIENTO SECUNDARIO DE MATERIA - TERMINO TEMATICO
Término temático o nombre geográfico como elemento de entrada Uso del suelo
Subdivisión geográfica América Latina
Subdivisión de forma Congresos.
9 (RLIN) 44279
650 #0 - ASIENTO SECUNDARIO DE MATERIA - TERMINO TEMATICO
Término temático o nombre geográfico como elemento de entrada Uso del suelo
Subdivisión geográfica Área Caribe
Subdivisión de forma Congresos.
9 (RLIN) 44280
650 #0 - ASIENTO SECUNDARIO DE MATERIA - TERMINO TEMATICO
Término temático o nombre geográfico como elemento de entrada Desarrollo sostenible
Subdivisión geográfica América Latina
Subdivisión de forma Congresos.
9 (RLIN) 44281
650 #0 - ASIENTO SECUNDARIO DE MATERIA - TERMINO TEMATICO
Término temático o nombre geográfico como elemento de entrada Desarrollo sostenible
Subdivisión geográfica Área Caribe
Subdivisión de forma Congresos.
9 (RLIN) 44282
710 2# - ASIENTO SECUNDARIO - NOMBRE CORPORATIVO
Nombre corporativo o de jurisdicción como elemento de entrada International Fund for Agricultural Development.
9 (RLIN) 44283
710 2# - ASIENTO SECUNDARIO - NOMBRE CORPORATIVO
Nombre corporativo o de jurisdicción como elemento de entrada Food and Agriculture Organization of the United Nations.
9 (RLIN) 3045
942 ## - ELEMENTOS ADICIONALES (KOHA)
Sistema de clasificación Dewey Decimal Classification
Tipo de ítem Libro
Existencias
Withdrawn status Lost status Sistema de Clasificación Damaged status No para préstamo Colección Inventariado Ubicación Permanente Ubicación actual Fecha de adquisición Fuente de Valor Valor Total Checkouts Número topográfico Inventario / Código de Barras Date last seen Ejemplar Price effective from Forma de adquisición Tipo de material
    Dewey Decimal Classification     General Inventariado 2017 Bogotá Bogotá 03/02/2006 CID Humboldt 39000.00   LB-333.7616 P94p 022950 04/12/2012 Ej. 1 04/12/2012 Compra Libro